Indovina la città - Triangolazione - Statistics

Statistiche generali
  • Questo quiz è stato fatto 28 volte
  • Il punteggio medio è 5 su 10
Statistiche sulle risposte
Risposta % Corretto
Parma
96%
Salerno
65%
Monza
62%
Matera
54%
Reggio Emilia
50%
Roma
46%
Nuoro
42%
Enna
38%
Arezzo
35%
Aosta
27%
Nessun quiz corrispondente trovato
Distribuzione punteggi
Percentuale di utenti per punteggio
Percentile per numero di risposta
I tuoi punteggi nel tempo
Non hai fatto questo quiz